سلطة الادارة فى تنفيذ المشاريع الكبرى (Record no. 17829)
[ view plain ]
| 000 -LEADER | |
|---|---|
| fixed length control field | 00634nam a2200205Ii 4500 |
| 003 - CONTROL NUMBER IDENTIFIER | |
| control field | JO-AjNU |
| 008 - FIXED-LENGTH DATA ELEMENTS--GENERAL INFORMATION | |
| fixed length control field | 230605s9999||||xx |||||||||||||| ||und|| |
| 017 ## - COPYRIGHT OR LEGAL DEPOSIT NUMBER | |
| Copyright or legal deposit number | 1001/1982 |
| 040 ## - CATALOGING SOURCE | |
| Original cataloging agency | JO-AjNU |
| Language of cataloging | ara |
| Description conventions | rda |
| Transcribing agency | JO-AjNU |
| 041 ## - LANGUAGE CODE | |
| Language code of text/sound track or separate title | ara |
| 050 14 - LIBRARY OF CONGRESS CALL NUMBER | |
| Classification number | JQ1825.I7.A430.1982 |
| 100 3# - MAIN ENTRY--PERSONAL NAME | |
| Personal name | علي ، عامر محمد , |
| Relator term | author |
| 9 (RLIN) | 34714 |
| 245 00 - TITLE STATEMENT | |
| Title | سلطة الادارة فى تنفيذ المشاريع الكبرى |
| 250 ## - EDITION STATEMENT | |
| Edition statement | (د،ط) |
| 264 31 - PRODUCTION, PUBLICATION, DISTRIBUTION, MANUFACTURE, AND COPYRIGHT NOTICE | |
| Place of production, publication, distribution, manufacture | بغداد : دار القادسية ، 1982 |
| 300 ## - PHYSICAL DESCRIPTION | |
| Extent | 289ص |
| 336 ## - CONTENT TYPE | |
| Content type term | text |
| Content type code | txt |
| Source | rdacontent |
| 337 ## - MEDIA TYPE | |
| Media type term | unmediated |
| Media type code | n |
| Source | rdamedia |
| 338 ## - CARRIER TYPE | |
| Carrier type term | volume |
| Carrier type code | nc |
| Source | rdacarrier |
| Withdrawn status | Lost status | Source of classification or shelving scheme | Damaged status | Not for loan | Home library | Current library | Shelving location | Date acquired | Total Checkouts | Full call number | Barcode | Date last seen | Price effective from | Koha item type |
|---|---|---|---|---|---|---|---|---|---|---|---|---|---|---|
| Library of Congress Classification | مكتبة جامعة عجلون الوطنية | مكتبة جامعة عجلون الوطنية | المجموعات العامة | 06/06/2023 | JQ1825.I7.A430.1982 | A14261 | 06/06/2023 | 06/06/2023 | Books |